Simón y las matemáticas: 1§ año básico. Texto de matemáticas para primer año básico. Libro del alumno

I tiakina i:
Ngā taipitopito rārangi puna kōrero
Ngā kaituhi matua: Lira Larraín, María Luz (autora), Rencoret Bustos, María del Carmen (Author)
Hōputu: Pukapuka
Reo:Pāniora
I whakaputaina: Santiago Andrés Bello 1994
Putanga:4a. ed
Ngā marau:
Ngā Tūtohu: Tāpirihia he Tūtohu
Kāore He Tūtohu, Me noho koe te mea tuatahi ki te tūtohu i tēnei pūkete!

MARC

LEADER 00000nam a2200000 a 4500
001 UCH6294
003 CL-VaPUC
008 091109e19940000CL |||||||||||||||||spa|d
020 |a 9561307978 
082 0 4 |a 372.7  |b LIR  |2 21 
100 |a Lira Larraín, María Luz  |e autora  |9 566536 
700 0 |a Rencoret Bustos, María del Carmen  |e author  |9 542733 
245 1 0 |a Simón y las matemáticas: 1§ año básico. Texto de matemáticas para primer año básico. Libro del alumno 
250 |a 4a. ed 
300 |a 143 p 
942 |c BK 
945 |d 20091109 00:00:00  |a lazolas 
260 |a Santiago  |b Andrés Bello  |c 1994 
500 |a Complementario con cuaderno de ejercicios 
650 0 |a Matemáticas  |x Enseñanza  |9 875527 
650 0 |a Educación básica   |9 224933 
650 0 |a Métodos de enseñanza  |9 270413 
650 0 |a Libros de texto  |9 270019 
583 |a last modification  |c 20091109 00:00:00  |k Rodrigo Vera 
999 |c 337211  |d 337209